| 000 | 00492nam a2200181 4500 | ||
|---|---|---|---|
| 003 | SEACOMMC | ||
| 005 | 20250502113753.0 | ||
| 008 | 250206b |||||||| |||| 00| 0 eng d | ||
| 020 |
_a 978-81-2192403-0 _cRs.300.00 |
||
| 040 | _aSEACOMMC | ||
| 082 |
_a 301.09 _bR 215 |
||
| 100 | _a Rao, C. N. Shanka | ||
| 245 | 1 |
_aSociology of Indian Society / _c C. N. Shankar Rao |
|
| 250 | _arev.ed. | ||
| 260 |
_aNew Delhi _b S.Chand Publishers _c 2008 |
||
| 650 | _a Society Religion | ||
| 942 | _cBOOK | ||
| 999 |
_c1058 _d1058 |
||